000 00372nam a22001457a 4500
003 MACL
005 20191204163717.0
008 191204b xxu||||| |||| 00| 0 eng d
040 _c MACL
100 _aBettina Sharada Baumer
_977443
245 _aTantrapuspanjali
260 _aDelhi
_bAryan Books International
_c2018
650 _aReligion
_977444
942 _2ddc
_cBK
999 _c61511
_d61511